| 000 | 00485nam a2200181 i 4500 | ||
|---|---|---|---|
| 001 | 26642 | ||
| 003 | ES-MaACL | ||
| 005 | 20250805062602.0 | ||
| 007 | t| | ||
| 008 | 030110s1911 it ||||1| spa d | ||
| 100 | 1 |
_aAsturaro, A. _923700 |
|
| 245 | 1 | 0 |
_aSociología política / _cA. Asturaro. |
| 260 |
_aGenova : _bCasa Editrice Stenografica, _c1911. |
||
| 300 |
_a246 p. ; _c22 cm. |
||
| 650 | 7 |
_aSociología _2embne _917195 |
|
| 852 |
_aES-MaACL _jF-4406 |
||
| 999 |
_c26642 _d26642 |
||